[Event "RSA-ch"]
[Site "Cape Town"]
[Date "2024.03.29"]
[Round "5"]
[White "Khumalo, Keith"]
[Black "Simpson, Michael"]
[Result "0-1"]
[WhiteElo "2079"]
[BlackElo "2093"]
[PlyCount "68"]
[EventDate "2024.03.25"]
[EventType "tourn"]
[EventRounds "11"]
[EventCountry "RSA"]
[SourceTitle "CB14_2024"]
[SourceDate "2024.04.01"]
[SourceVersion "1"]
[SourceVersionDate "2024.04.01"]
[SourceQuality "1"]

1. d4 d5 2. c4 e6 3. Nf3 a6 4. cxd5 exd5 5. Nc3 c6 6. g3 Nf6 7. Bg2 Be7 8. 0-0 0-0 9. Bf4 Re8 10. Qb3 Bd6 11. Bxd6 Qxd6 12. Ne5 Nbd7 13. f4 Nf8 14. e3 Ng4 15. Rae1 Qh6 16. h4 Nxe5 17. dxe5 Bg4 18. Qb4 a5 19. Qb6 Nd7 20. Qxb7 Rab8 21. Qa7 Rxb2 22. Qxa5 Qg6 23. e4 Bh3 24. Re2 Rxe2 25. Nxe2 Bxg2 26. Kxg2 Qxe4+ 27. Kf2 d4 28. Ng1 Qc2+ 29. Kf3 Nc5 30. Qe1 Qxa2 31. Kg4 Qe6+ 32. Kf3 Qd5+ 33. Kg4 f5+ 34. Kh3 Qh1# 0-1

[Event "Titled Tuesday intern op 19th Dec Early"]
[Site "Chess.com INT"]
[Date "2023.12.19"]
[Round "4"]
[White "Khumalo, Keith"]
[Black "Santos Flores, Alberto Javier"]
[Result "1-0"]
[WhiteElo "2049"]
[BlackElo "2183"]
[PlyCount "103"]
[EventDate "2023.12.19"]
[EventType "swiss (blitz)"]
[EventRounds "11"]
[EventCountry "USA"]
[SourceTitle "CB52_2023"]
[SourceDate "2023.12.27"]
[SourceVersion "1"]
[SourceVersionDate "2023.12.27"]
[SourceQuality "1"]

1. d4 Nf6 2. c4 d6 3. Nc3 e5 4. d5 e4 5. Bg5 Bf5 6. h3 Nbd7 7. g4 Bg6 8. Bg2 h6 9. Bf4 Bh7 10. Qd4 Qe7 11. Nb5 Ne5 12. Bxe5 dxe5 13. Qd2 a6 14. Nc3 Qd7 15. e3 Bb4 16. Nge2 0-0 17. 0-0 b5 18. b3 c6 19. Rfd1 cxd5 20. cxd5 Rfd8 21. a3 Bf8 22. Ng3 Rac8 23. Ngxe4 Bxe4 24. Nxe4 Nxd5 25. a4 Nb6 26. Qe2 Qe8 27. axb5 Qxb5 28. Qxb5 axb5 29. Rxd8 Rxd8 30. Ra5 b4 31. Rxe5 Rd1+ 32. Kh2 Rb1 33. Rb5 Nd7 34. Nd2 Rb2 35. Rd5 Nc5 36. Rd8 Nxb3 37. Nxb3 Rxb3 38. Bd5 Rb2 39. Kg2 g5 40. Rd7 Rb1 41. Rxf7 Bg7 42. f4 gxf4 43. exf4 b3 44. Rb7+ Kf8 45. Bxb3 Bd4 46. Kf3 Rb2 47. Ke4 Bf6 48. Kf5 Be7 49. Kg6 Rh2 50. Rb8+ Bd8 51. Rxd8+ Ke7 52. Rd3 1-0

[Event "Titled Tuesday intern op 19th Dec Early"]
[Site "Chess.com INT"]
[Date "2023.12.19"]
[Round "3"]
[White "Vokhidov, Shamsiddin"]
[Black "Khumalo, Keith"]
[Result "1-0"]
[WhiteElo "2596"]
[BlackElo "2049"]
[PlyCount "93"]
[EventDate "2023.12.19"]
[EventType "swiss (blitz)"]
[EventRounds "11"]
[EventCountry "USA"]
[SourceTitle "CB52_2023"]
[SourceDate "2023.12.27"]
[SourceVersion "1"]
[SourceVersionDate "2023.12.27"]
[SourceQuality "1"]

1. e4 c5 2. Nf3 d6 3. Bb5+ Nd7 4. a4 a6 5. Be2 Ngf6 6. Nc3 g6 7. d4 cxd4 8. Nxd4 Bg7 9. 0-0 0-0 10. Be3 Qc7 11. a5 Nc5 12. f3 Bd7 13. Qd2 Rac8 14. Rfd1 Rfd8 15. Nb3 Be6 16. Nxc5 dxc5 17. Qe1 Rxd1 18. Qxd1 Rd8 19. Qe1 Nd7 20. Qf2 Be5 21. f4 Bd4 22. f5 Bxe3 23. Qxe3 gxf5 24. exf5 Bxf5 25. Nd5 Qe5 26. Nxe7+ Kg7 27. Qxe5+ Nxe5 28. Nxf5+ Kf6 29. Ng3 Ke7 30. Ne4 c4 31. Rf1 Rd5 32. Ra1 f5 33. Ng3 Ke6 34. Nf1 f4 35. Kf2 Kf5 36. g3 fxg3+ 37. hxg3 Ke4 38. Ra4 Kd4 39. Ne3 Rc5 40. c3+ Ke4 41. Nxc4 Nd3+ 42. Bxd3+ Kxd3 43. Nd6 Rc7 44. Rb4 Rd7 45. Nxb7 Rf7+ 46. Kg2 Ke2 47. Nc5 1-0

[Event "Titled Tuesday intern op 04th Jul Early"]
[Site "Chess.com INT"]
[Date "2023.07.04"]
[Round "2"]
[White "Romero Ruscalleda, Josep"]
[Black "Khumalo, Keith"]
[Result "1-0"]
[WhiteElo "2160"]
[BlackElo "2106"]
[PlyCount "43"]
[EventDate "2023.07.04"]
[EventType "swiss (blitz)"]
[EventRounds "11"]
[EventCountry "USA"]
[SourceTitle "EXT 2024"]
[Source "ChessBase"]
[SourceDate "2023.10.10"]
[SourceVersion "1"]
[SourceVersionDate "2023.10.10"]
[SourceQuality "1"]

1. e4 c5 2. c3 Nf6 3. e5 Nd5 4. Nf3 e6 5. d4 cxd4 6. cxd4 Nc6 7. a3 d6 8. Bd3 dxe5 9. dxe5 Be7 10. 0-0 Qc7 11. Re1 0-0 12. Bd2 Rd8 13. Qe2 Na5 14. Nc3 Nb3 15. Rad1 Nxd2 16. Nxd5 Nxf3+ 17. Qxf3 exd5 18. Bb1 Be6 19. Rd4 Rac8 20. h4 Qc5 21. Qd3 a6 22. Qxh7+ 1-0

[Event "Titled Tuesday intern op 09th May Early"]
[Site "Chess.com INT"]
[Date "2023.05.09"]
[Round "4"]
[White "Khumalo, Keith"]
[Black "Golubev, Mikhail"]
[Result "1-0"]
[WhiteElo "2099"]
[BlackElo "2461"]
[PlyCount "175"]
[EventDate "2023.05.09"]
[EventType "swiss (blitz)"]
[EventRounds "11"]
[EventCountry "USA"]
[SourceTitle "CBM 214 Extra"]
[Source "ChessBase"]
[SourceDate "2023.07.31"]
[SourceVersion "1"]
[SourceVersionDate "2023.07.31"]
[SourceQuality "1"]

1. d4 Nf6 2. c4 g6 3. Nc3 Bg7 4. e4 d6 5. Bd3 0-0 6. Nge2 Nc6 7. 0-0 Nh5 8. Be3 e5 9. d5 Ne7 10. f3 f5 11. exf5 gxf5 12. f4 Ng6 13. h3 Nhxf4 14. Nxf4 exf4 15. Bxf4 Nxf4 16. Rxf4 Qg5 17. Rf3 f4 18. Qc2 Bd4+ 19. Kh1 Qg7 20. Ne2 Bxb2 21. Raf1 Be5 22. Nxf4 Bd7 23. Ne6 Rxf3 24. Nxg7 Rxf1+ 25. Bxf1 Kxg7 26. Bd3 Rf8 27. g4 Rf3 28. Bf5 Bxf5 29. gxf5 Rxh3+ 30. Kg1 Kf6 31. Qe4 h5 32. Kf1 b6 33. a4 a5 34. Ke1 Rg3 35. Qh4+ Rg5 36. Ke2 Kxf5 37. Qh3+ Kg6 38. Qe6+ Bf6 39. Qe8+ Kh6 40. Qf8+ Bg7 41. Qf4 Kg6 42. Qe4+ Kh6 43. Qe6+ Rg6 44. Qe3+ Kh7 45. Qf3 Rh6 46. Qf5+ Kg8 47. Qc8+ Kh7 48. Qf5+ Kg8 49. Kd3 h4 50. Qh3 Kh8 51. Ke4 Kh7 52. Kf5 Rf6+ 53. Kg5 Rg6+ 54. Kf5 Rh6 55. Kg5 Rg6+ 56. Kf4 Rf6+ 57. Ke4 Rh6 58. Kf3 Kh8 59. Kg2 Rg6+ 60. Kh1 Bf6 61. Qd7 Rg7 62. Qe6 Be5 63. Qh6+ Kg8 64. Qe6+ Kh8 65. Qf5 h3 66. Qf8+ Kh7 67. Qf5+ Kh8 68. Qc8+ Kh7 69. Qxh3+ Kg8 70. Qe6+ Kh8 71. Qf5 Kg8 72. Qb1 Kh8 73. Qb5 Kg8 74. c5 bxc5 75. Qxa5 c4 76. Qa8+ Kh7 77. Qc6 c3 78. a5 Rf7 79. Kg2 Rg7+ 80. Kf3 Rf7+ 81. Ke2 Rg7 82. Qc4 Rg2+ 83. Kf3 Rd2 84. a6 c2 85. a7 Bb2 86. a8Q c1Q 87. Qh4+ Kg7 88. Qah8+ 1-0

[Event "Titled Tuesday intern op 09th May Early"]
[Site "Chess.com INT"]
[Date "2023.05.09"]
[Round "2"]
[White "Sailer, Mike L"]
[Black "Khumalo, Keith"]
[Result "0-1"]
[WhiteElo "2109"]
[BlackElo "2099"]
[PlyCount "72"]
[EventDate "2023.05.09"]
[EventType "swiss (blitz)"]
[EventRounds "11"]
[EventCountry "USA"]
[SourceTitle "CBM 214 Extra"]
[Source "ChessBase"]
[SourceDate "2023.07.31"]
[SourceVersion "1"]
[SourceVersionDate "2023.07.31"]
[SourceQuality "1"]

1. d4 Nf6 2. Bg5 c5 3. Bxf6 exf6 4. Nc3 cxd4 5. Qxd4 Nc6 6. Qa4 d5 7. 0-0-0 Be6 8. Nf3 Be7 9. Nxd5 Bxd5 10. e4 0-0 11. exd5 Ne5 12. Nxe5 fxe5 13. Bd3 a6 14. Qe4 f5 15. Qxe5 Kh8 16. Bxf5 Bf6 17. Qe4 Qb6 18. c3 Rae8 19. Qc2 g6 20. Be4 Bg5+ 21. Kb1 Rxf2 22. Qxf2 Qxf2 23. Bf3 Qb6 24. d6 Rd8 25. d7 Qc7 26. Bg4 h5 27. Bh3 Bf6 28. Rhf1 Kg7 29. Rfe1 Qxh2 30. Re6 g5 31. Bf5 Qxg2 32. Rde1 Qf3 33. Be4 Qg4 34. Bxb7 Rxd7 35. Bxa6 Rd1+ 36. Rxd1 Qxd1# 0-1

[Event "Titled Tuesday intern op 28th Mar Late"]
[Site "Chess.com INT"]
[Date "2023.03.28"]
[Round "9"]
[White "Gerbelli Neto, Eduardo"]
[Black "Khumalo, Keith"]
[Result "0-1"]
[WhiteElo "2114"]
[BlackElo "2099"]
[PlyCount "78"]
[EventDate "2023.03.28"]
[EventType "swiss (blitz)"]
[EventRounds "11"]
[EventCountry "USA"]
[SourceTitle "EXT 2024"]
[Source "ChessBase"]
[SourceDate "2023.10.10"]
[SourceVersion "1"]
[SourceVersionDate "2023.10.10"]
[SourceQuality "1"]

1. e4 c5 2. Nc3 g6 3. f4 Bg7 4. Nf3 Nc6 5. Bc4 e6 6. f5 Nge7 7. fxe6 dxe6 8. d3 a6 9. 0-0 b5 10. Bb3 0-0 11. Qe1 Bb7 12. Qh4 Nd4 13. Bg5 f6 14. Be3 Kh8 15. Rf2 e5 16. Bxd4 exd4 17. Ne2 Qd6 18. Raf1 Nc6 19. Nf4 f5 20. Ng5 h6 21. Nf7+ Rxf7 22. Bxf7 g5 23. Qh5 gxf4 24. Rxf4 Ne7 25. exf5 Qf6 26. Be6 Nd5 27. Rg4 Qe5 28. Rg6 Qe3+ 29. Kh1 Nf6 30. Qh4 Rf8 31. h3 Nh7 32. Re1 Qd2 33. Qg3 Bxg2+ 34. Kg1 Ng5 35. Rxg7 Nf3+ 36. Qxf3 Bxf3 37. Rf1 Qe3+ 38. Kh2 Kxg7 39. Rg1+ Kh8 0-1

[Event "Titled Tuesday intern op 28th Mar Early"]
[Site "Chess.com INT"]
[Date "2023.03.28"]
[Round "7"]
[White "Khamdamova, Afruza"]
[Black "Khumalo, Keith"]
[Result "0-1"]
[WhiteElo "2140"]
[BlackElo "2099"]
[PlyCount "132"]
[EventDate "2023.03.28"]
[EventType "swiss (blitz)"]
[EventRounds "11"]
[EventCountry "USA"]
[SourceTitle "EXT 2024"]
[Source "ChessBase"]
[SourceDate "2023.10.10"]
[SourceVersion "1"]
[SourceVersionDate "2023.10.10"]
[SourceQuality "1"]

1. e4 e6 2. Nf3 c5 3. d4 cxd4 4. Qxd4 Nc6 5. Qd1 Nf6 6. Nc3 d6 7. Bd3 Be7 8. 0-0 0-0 9. h3 a6 10. Be3 b5 11. a3 Bb7 12. Re1 Rc8 13. Qd2 Qc7 14. Rad1 Rfd8 15. Nd4 Ne5 16. f4 Nxd3 17. cxd3 g6 18. Rc1 Qb8 19. b4 e5 20. Nf3 Nh5 21. fxe5 dxe5 22. Ne2 Bxe4 23. Rxc8 Qxc8 24. Nxe5 Qc7 25. d4 f6 26. Nd3 Qb7 27. Nef4 Ng7 28. Qa2+ Kh8 29. Nc5 Qa8 30. Nfe6 Bd5 31. Nc7 Bxa2 32. Nxa8 Rxa8 33. Bh6 Bf8 34. Nd7 Rd8 35. Nxf6 Rxd4 36. Rc1 Be6 37. Rc7 Rd1+ 38. Kf2 Rd8 39. Ra7 Bc4 40. g4 Be6 41. Kg3 Rd3+ 42. Kh4 Rd8 43. Rxa6 Be7 44. g5 Nf5+ 45. Kg4 Nxh6+ 46. Kf4 Bd6+ 47. Kf3 Nf5 48. Ra7 Be7 49. Ne4 Rd3+ 50. Kf4 Rxh3 51. Ra8+ Kg7 52. Re8 Kf7 53. Rh8 Rh4+ 54. Ke5 Bf8 55. a4 Bg7+ 56. Nf6 Bxh8 57. axb5 Bxf6+ 58. gxf6 Rxb4 59. b6 Rb5+ 60. Kf4 Kxf6 61. Kg4 h5+ 62. Kf3 Rxb6 63. Ke4 Rb3 64. Kf4 Bd7 65. Ke4 Bc6+ 66. Kf4 g5# 0-1

[Event "Titled Tuesday intern op 28th Mar Early"]
[Site "Chess.com INT"]
[Date "2023.03.28"]
[Round "3"]
[White "Khumalo, Keith"]
[Black "Iljin, Timofey"]
[Result "1-0"]
[WhiteElo "2099"]
[BlackElo "2337"]
[PlyCount "143"]
[EventDate "2023.03.28"]
[EventType "swiss (blitz)"]
[EventRounds "11"]
[EventCountry "USA"]
[SourceTitle "EXT 2024"]
[Source "ChessBase"]
[SourceDate "2023.10.10"]
[SourceVersion "1"]
[SourceVersionDate "2023.10.10"]
[SourceQuality "1"]

1. d4 f5 2. c4 Nf6 3. g3 g6 4. Bg2 Bg7 5. Nh3 0-0 6. 0-0 d6 7. d5 a5 8. Nc3 Na6 9. a3 Nc5 10. Be3 Na6 11. Rb1 Bd7 12. b4 Ng4 13. Bd4 Bh6 14. c5 axb4 15. axb4 c6 16. dxc6 Bxc6 17. Nd5 e6 18. Nb6 Bxg2 19. Kxg2 Rb8 20. f3 dxc5 21. bxc5 e5 22. Bg1 Nf6 23. Qa4 Qd2 24. Rf2 Be3 25. Rd1 Qb2 26. Nc4 Nxc5 27. Nxb2 Nxa4 28. Nxa4 Bxf2 29. Bxf2 b5 30. Nc5 b4 31. Nb3 Rfd8 32. Rb1 h6 33. Be3 Kg7 34. Nf2 Nd5 35. Bd2 Nc3 36. Rb2 Rbc8 37. Nd3 e4 38. Nxb4 Nxe2 39. fxe4 fxe4 40. Na5 Kh7 41. Nac6 Rd6 42. Be3 Nc3 43. Rf2 Nd1 44. Rf7+ Kg8 45. Ne7+ Kxf7 46. Nxc8 Rd8 47. Bxh6 Rxc8 48. Nd5 Rd8 49. Nf4 e3 50. Kf3 Rh8 51. Bg5 Rxh2 52. Nd3 e2 53. Bd2 Nb2 54. Ne5+ Ke6 55. Ng4 Rh1 56. Kxe2 Nc4 57. Bf4 Ra1 58. Kd3 Nd6 59. Ne5 Ra3+ 60. Kd4 Nf5+ 61. Ke4 Ra4+ 62. Kf3 Ra3+ 63. Kf2 Nd4 64. Nxg6 Nf5 65. Nf8+ Kf7 66. Nd7 Ke6 67. Nc5+ Kd5 68. Nd7 Nd4 69. Nb6+ Ke4 70. Kg2 Ra2+ 71. Kh3 Kf3 72. Nc4 1-0

[Event "Titled Tuesday intern op 28th Mar Late"]
[Site "Chess.com INT"]
[Date "2023.03.28"]
[Round "10"]
[White "Khumalo, Keith"]
[Black "Pakleza, Zbigniew"]
[Result "1-0"]
[WhiteElo "2099"]
[BlackElo "2492"]
[PlyCount "67"]
[EventDate "2023.03.28"]
[EventType "swiss (blitz)"]
[EventRounds "11"]
[EventCountry "USA"]
[SourceTitle "EXT 2024"]
[Source "ChessBase"]
[SourceDate "2023.10.10"]
[SourceVersion "1"]
[SourceVersionDate "2023.10.10"]
[SourceQuality "1"]

1. d4 d6 2. c4 e5 3. d5 f5 4. Nc3 Nf6 5. e4 fxe4 6. Nge2 Nbd7 7. Ng3 Nc5 8. Qc2 Nd3+ 9. Bxd3 exd3 10. Qxd3 Be7 11. 0-0 0-0 12. h3 a5 13. Nf5 b6 14. Re1 Rf7 15. Nxe7+ Rxe7 16. Bg5 Qf8 17. f4 exf4 18. Bxf4 Rf7 19. Bg5 Nh5 20. Rf1 Bf5 21. Qf3 Bg6 22. Qg4 Re8 23. Rxf7 Qxf7 24. Rf1 Nf6 25. Bxf6 gxf6 26. Qf4 Kg7 27. Nb5 Re4 28. Qc1 Qe7 29. b3 Re2 30. Nd4 Rxa2 31. Ne6+ Kf7 32. Qh6 Ke8 33. Re1 Kf7 34. Qg7+ 1-0

[Event "Titled Tuesday intern op 28th Mar Late"]
[Site "Chess.com INT"]
[Date "2023.03.28"]
[Round "1"]
[White "Okeke, Isaac Chukwudalu"]
[Black "Khumalo, Keith"]
[Result "0-1"]
[WhiteElo "2155"]
[BlackElo "2099"]
[PlyCount "58"]
[EventDate "2023.03.28"]
[EventType "swiss (blitz)"]
[EventRounds "11"]
[EventCountry "USA"]
[SourceTitle "EXT 2024"]
[Source "ChessBase"]
[SourceDate "2023.10.10"]
[SourceVersion "1"]
[SourceVersionDate "2023.10.10"]
[SourceQuality "1"]

1. e4 c5 2. Nf3 d6 3. d4 cxd4 4. Nxd4 Nf6 5. Nc3 g6 6. Be2 Bg7 7. g4 Nc6 8. Be3 0-0 9. g5 Nd7 10. h4 Nc5 11. Qd2 Ne6 12. Nb3 a5 13. a4 Nb4 14. h5 Qc7 15. Rc1 Bxc3 16. bxc3 Na2 17. Ra1 Nxc3 18. hxg6 fxg6 19. Bg4 Nxe4 20. Qd3 Qc3+ 21. Qxc3 Nxc3 22. Kd2 Ne4+ 23. Ke2 Nc3+ 24. Kd3 Nd5 25. Bxe6+ Bxe6 26. Bd4 Rac8 27. c3 Rf3+ 28. Kc2 Nxc3 29. Kb2 Ne2 0-1

[Event "Titled Tuesday intern op 7th Mar Early"]
[Site "Chess.com INT"]
[Date "2023.03.07"]
[Round "2"]
[White "Khumalo, Keith"]
[Black "Pakleza, Zbigniew"]
[Result "0-1"]
[WhiteElo "2099"]
[BlackElo "2492"]
[PlyCount "110"]
[EventDate "2023.03.07"]
[EventType "swiss (blitz)"]
[EventRounds "11"]
[EventCountry "USA"]
[SourceTitle "EXT 2024"]
[Source "ChessBase"]
[SourceDate "2023.10.10"]
[SourceVersion "1"]
[SourceVersionDate "2023.10.10"]
[SourceQuality "1"]

1. d4 d6 2. c4 e5 3. d5 f5 4. Nc3 Nf6 5. e4 fxe4 6. Nge2 Nbd7 7. Ng3 Nc5 8. Qc2 Nd3+ 9. Bxd3 exd3 10. Qxd3 Be7 11. 0-0 0-0 12. h3 a5 13. Be3 b6 14. Rae1 Bd7 15. f3 Be8 16. Qe2 Bg6 17. f4 exf4 18. Bxf4 Re8 19. Qf3 Qd7 20. Re6 Bf7 21. Re2 h6 22. Rfe1 Nh7 23. Nce4 Bh4 24. Bd2 Bg6 25. Rf1 Rf8 26. Qc3 Rae8 27. Rxf8+ Rxf8 28. Re3 Nf6 29. Nf2 Nh5 30. Nfh1 Bf6 31. Qb3 Bd4 32. Kh2 Bxe3 33. Qxe3 Qf7 34. Bc3 Nf4 35. a3 Re8 36. Qf3 Ne2 37. Qxf7+ Kxf7 38. Nxe2 Rxe2 39. Ng3 Rc2 40. Kg1 Bd3 41. h4 Bxc4 42. Nf5 Bxd5 43. Ne3 Rc1+ 44. Kf2 Be6 45. g4 c5 46. g5 hxg5 47. hxg5 d5 48. Be5 d4 49. Ng2 Rc2+ 50. Kg3 Rxb2 51. Nf4 g6 52. Bc7 a4 53. Kh4 b5 54. Nd3 Rb3 55. Nxc5 Rh3# 0-1

[Event "Titled Tuesday intern op 7th Mar Early"]
[Site "Chess.com INT"]
[Date "2023.03.07"]
[Round "4"]
[White "Movahed, Sina"]
[Black "Khumalo, Keith"]
[Result "1-0"]
[WhiteElo "2340"]
[BlackElo "2099"]
[PlyCount "45"]
[EventDate "2023.03.07"]
[EventType "swiss (blitz)"]
[EventRounds "11"]
[EventCountry "USA"]
[SourceTitle "EXT 2024"]
[Source "ChessBase"]
[SourceDate "2023.10.10"]
[SourceVersion "1"]
[SourceVersionDate "2023.10.10"]
[SourceQuality "1"]

1. e4 c5 2. Nf3 d6 3. d4 cxd4 4. Nxd4 Nf6 5. Nc3 g6 6. Be3 Bg7 7. f3 0-0 8. Qd2 Nc6 9. 0-0-0 d5 10. exd5 Nxd5 11. Nxc6 bxc6 12. Bd4 e5 13. Bc5 Be6 14. Ne4 Re8 15. h4 Qc7 16. h5 Red8 17. hxg6 hxg6 18. Qf2 Nf4 19. Rxd8+ Rxd8 20. Qh4 f6 21. Nxf6+ Bxf6 22. Qxf6 Qd7 23. Rh8# 1-0

[Event "Titled Tuesday intern op 10th Jan Early"]
[Site "Chess.com INT"]
[Date "2023.01.10"]
[Round "2"]
[White "Carrasco Miranda, Andres"]
[Black "Khumalo, Keith"]
[Result "0-1"]
[WhiteElo "2285"]
[BlackElo "2099"]
[PlyCount "98"]
[EventDate "2023.01.10"]
[EventType "swiss (blitz)"]
[EventRounds "11"]
[EventCountry "USA"]
[SourceTitle "EXT 2024"]
[Source "ChessBase"]
[SourceDate "2023.10.10"]
[SourceVersion "1"]
[SourceVersionDate "2023.10.10"]
[SourceQuality "1"]

1. d4 Nf6 2. c4 g6 3. g3 Bg7 4. Bg2 0-0 5. Nc3 d6 6. Nf3 c6 7. 0-0 Qa5 8. e4 Bg4 9. h3 Bxf3 10. Bxf3 e5 11. d5 cxd5 12. cxd5 a6 13. a3 Rc8 14. Be3 Nbd7 15. h4 h5 16. Bg2 Kh7 17. Bh3 Bh6 18. Qd2 Bxe3 19. Qxe3 Kg7 20. f4 Qc5 21. Qxc5 Rxc5 22. f5 Nb6 23. fxg6 fxg6 24. Rf2 Rf8 25. Raf1 Nh7 26. Be6 Rxf2 27. Rxf2 Nf6 28. Kf1 Nc4 29. Ke1 Nxa3 30. bxa3 Rxc3 31. Rb2 b5 32. a4 Nxe4 33. axb5 Re3+ 34. Kf1 axb5 35. Rxb5 Rf3+ 36. Ke1 Nc5 37. Ke2 Rxg3 38. Rb6 Nxe6 39. dxe6 Kf6 40. Rxd6 Rg4 41. Kf3 Ke7 42. Ra6 Rxh4 43. Ke3 Rf4 44. Rb6 h4 45. Ra6 g5 46. Rb6 g4 47. Rb7+ Kxe6 48. Rh7 h3 49. Rh6+ Kd5 0-1

[Event "Titled Tuesday intern op 10th Jan Early"]
[Site "Chess.com INT"]
[Date "2023.01.10"]
[Round "8"]
[White "Kuznetsova, Olga1111"]
[Black "Khumalo, Keith"]
[Result "1-0"]
[WhiteElo "2142"]
[BlackElo "2099"]
[PlyCount "51"]
[EventDate "2023.01.10"]
[EventType "swiss (blitz)"]
[EventRounds "11"]
[EventCountry "USA"]
[SourceTitle "EXT 2024"]
[Source "ChessBase"]
[SourceDate "2023.10.10"]
[SourceVersion "1"]
[SourceVersionDate "2023.10.10"]
[SourceQuality "1"]

1. d4 Nf6 2. Nd2 d5 3. Ngf3 g6 4. c4 Bg7 5. cxd5 Nxd5 6. e4 Nb6 7. b3 0-0 8. Bb2 a5 9. Be2 a4 10. 0-0 Nc6 11. Nc4 Bg4 12. d5 Bxb2 13. Nxb2 Bxf3 14. Bxf3 Ne5 15. Qd4 Nxf3+ 16. gxf3 axb3 17. axb3 Rxa1 18. Rxa1 Qd6 19. Nc4 Qb4 20. Qd3 Nd7 21. Ra4 Qe1+ 22. Qf1 Qxf1+ 23. Kxf1 b5 24. Ra7 bxc4 25. Rxc7 Rc8 26. Rxc8+ 1-0

[Event "Titled Tuesday intern op 10th Jan Early"]
[Site "Chess.com INT"]
[Date "2023.01.10"]
[Round "5"]
[White "Ljubarov, Mark"]
[Black "Khumalo, Keith"]
[Result "0-1"]
[WhiteElo "2291"]
[BlackElo "2099"]
[PlyCount "84"]
[EventDate "2023.01.10"]
[EventType "swiss (blitz)"]
[EventRounds "11"]
[EventCountry "USA"]
[SourceTitle "EXT 2024"]
[Source "ChessBase"]
[SourceDate "2023.10.10"]
[SourceVersion "1"]
[SourceVersionDate "2023.10.10"]
[SourceQuality "1"]

1. d4 Nf6 2. c4 g6 3. Nc3 Bg7 4. e4 d6 5. Nf3 0-0 6. Be2 Na6 7. 0-0 e5 8. h3 Re8 9. d5 Nc5 10. Qc2 a5 11. Be3 Rf8 12. Bxc5 dxc5 13. Nxe5 Nxd5 14. Nxf7 Nb4 15. Nxd8 Nxc2 16. Rad1 Nd4 17. Bd3 Rxd8 18. Nd5 c6 19. Nb6 Rb8 20. f4 Re8 21. b3 Be6 22. f5 Bf7 23. Nd7 Rbd8 24. Nxc5 b6 25. Na4 Bf8 26. Kh2 Bd6+ 27. Kh1 Bc7 28. Bb1 Ne2 29. Rfe1 gxf5 30. Rxd8 Ng3+ 31. Kg1 Bxd8 32. Nc3 Bf6 33. Na4 Nxe4 34. g4 b5 35. gxf5 Bd4+ 36. Kg2 bxa4 37. Rxe4 Rxe4 38. Bxe4 c5 39. Kf3 axb3 40. axb3 Kg7 41. Bd5 Kf6 42. Ke4 Be8 0-1

[Event "Titled Tuesday intern op 03rd Jan Early"]
[Site "Chess.com INT"]
[Date "2023.01.03"]
[Round "7"]
[White "Donchenko, Alexander"]
[Black "Khumalo, Keith"]
[Result "1-0"]
[WhiteElo "2627"]
[BlackElo "2099"]
[PlyCount "107"]
[EventDate "2023.01.03"]
[EventType "swiss (blitz)"]
[EventRounds "11"]
[EventCountry "USA"]
[SourceTitle "EXT 2024"]
[Source "ChessBase"]
[SourceDate "2023.10.10"]
[SourceVersion "1"]
[SourceVersionDate "2023.10.10"]
[SourceQuality "1"]

1. Nf3 c5 2. c4 g6 3. d4 cxd4 4. Nxd4 Nc6 5. e4 Nf6 6. Nc3 Nxd4 7. Qxd4 d6 8. Bg5 Bg7 9. Be2 0-0 10. Qd2 a5 11. 0-0 a4 12. Rac1 Qa5 13. Rfd1 Be6 14. Bxf6 Bxf6 15. Nd5 Bxd5 16. cxd5 Qxd2 17. Rxd2 Rfc8 18. Rdc2 Rxc2 19. Rxc2 a3 20. b3 b6 21. Rc4 g5 22. Kf1 Ra5 23. b4 Ra4 24. Bd1 Ra7 25. Ke2 Be5 26. g3 g4 27. Kf1 h5 28. Kg2 Kg7 29. h3 gxh3+ 30. Kxh3 Kg6 31. f4 Bb2 32. Bc2 Kh6 33. Rc8 Rb7 34. Kg2 Kg7 35. Kf3 e6 36. dxe6 fxe6 37. Rc6 d5 38. Rxe6 dxe4+ 39. Bxe4 Rc7 40. Rg6+ Kf7 41. Rxb6 Rc3+ 42. Kg2 h4 43. gxh4 Bc1 44. f5 Bf4 45. b5 Rg3+ 46. Kf2 Rh3 47. Bd5+ Ke8 48. f6 Rxh4 49. f7+ Kf8 50. Rg6 Bh6 51. b6 Bg7 52. b7 Rb4 53. Ra6 Ke7 54. Ra8 1-0

[Event "Titled Tuesday intern op 03rd Jan Early"]
[Site "Chess.com INT"]
[Date "2023.01.03"]
[Round "6"]
[White "Grigoriants, Sergey"]
[Black "Khumalo, Keith"]
[Result "1-0"]
[WhiteElo "2569"]
[BlackElo "2099"]
[PlyCount "89"]
[EventDate "2023.01.03"]
[EventType "swiss (blitz)"]
[EventRounds "11"]
[EventCountry "USA"]
[SourceTitle "EXT 2024"]
[Source "ChessBase"]
[SourceDate "2023.10.10"]
[SourceVersion "1"]
[SourceVersionDate "2023.10.10"]
[SourceQuality "1"]

1. c4 Nf6 2. Nc3 g6 3. e4 d6 4. d4 Bg7 5. h3 0-0 6. Be3 c5 7. d5 Qa5 8. Qd2 e6 9. Bd3 exd5 10. exd5 Re8 11. Nge2 Nbd7 12. f4 a6 13. 0-0 Qc7 14. Ng3 Rb8 15. Kh2 b5 16. cxb5 c4 17. b6 Nxb6 18. Be2 Bd7 19. Bf3 Na4 20. Nxa4 Bxa4 21. Bd4 Bb5 22. Rf2 h5 23. Qc3 Qd8 24. f5 h4 25. Nf1 gxf5 26. Ne3 Ne4 27. Bxe4 Bxd4 28. Qxd4 Rxe4 29. Qc3 Qg5 30. Nxf5 Re5 31. Nxd6 Qg3+ 32. Qxg3+ hxg3+ 33. Kxg3 Rxd5 34. Ne4 Kg7 35. Raf1 Rb7 36. Nc3 Rd3+ 37. Kh2 Bc6 38. Re1 Kg6 39. Ree2 a5 40. Rf4 Rb4 41. a3 Rb7 42. Ref2 Re7 43. Rf6+ Kg7 44. Rxc6 Ree3 45. Rxc4 1-0